Thang đo chỉ số hạnh phúc (PWI) - thử nghiệm trên mẫu sinh viên /
Đã lưu trong:
| Príomhúdar: | |
|---|---|
| Údair Eile: | |
| Formáid: | Bài viết |
| Teanga: | Vietnamese |
| Ábhair: | |
| Clibeanna: |
Cuir Clib Leis
Gan Chlibeanna, Bí ar an gcéad duine leis an taifead seo a chlibeáil!
|
| Thư viện lưu trữ: | Thư viện Trường Đại học Đà Lạt |
|---|
| LEADER | 00872nam a2200289 4500 | ||
|---|---|---|---|
| 001 | DLU180186665 | ||
| 005 | ##20180904 | ||
| 040 | # | # | |a DLU |b vie |
| 041 | # | # | |a vie |
| 044 | # | # | |a vn |
| 100 | # | # | |a Trương Thị Khánh Hà. |
| 245 | # | # | |a Thang đo chỉ số hạnh phúc (PWI) - thử nghiệm trên mẫu sinh viên / |c Trương Thị Khánh Hà, Ninh Bảo Khánh. |
| 653 | # | # | |a Hạnh phúc |
| 653 | # | # | |a PWI |
| 653 | # | # | |a Sinh viên |
| 653 | # | # | |a Thang đo chỉ số hạnh phúc |
| 700 | # | # | |a Ninh Bảo Khánh. |
| 773 | # | # | |t Tâm lý học |g Số 6(219), 2017, tr. 26-35 |
| 920 | # | # | |a Phòng Tạp chí -- Trung tâm Thông tin - Thư viện Trường Đại học Đà Lạt |
| 994 | # | # | |a DLU |
| 900 | # | # | |a True |
| 911 | # | # | |a Nguyễn Thị Thu Phương |
| 925 | # | # | |a G |
| 926 | # | # | |a A |
| 927 | # | # | |a BB |
| 980 | # | # | |a Thư viện Trường Đại học Đà Lạt |